| 000 | 00936nam a22003017a 4500 | ||
|---|---|---|---|
| 001 | 5447 | ||
| 003 | FISKH | ||
| 005 | 20241206152714.0 | ||
| 008 | 241206b cb ||||| |||| 00| 0 eng d | ||
| 020 | _a9780439669962 | ||
| 040 |
_aFISKH _beng _cFISKH _dFISKH |
||
| 050 | _aD804.Z85 | ||
| 082 | _a940.53180922 | ||
| 100 | _aZullo, Allan | ||
| 245 |
_aSurvivors : _bture stories of children in the Holocaust / _cby Allan Zullo and Mara Bovsun |
||
| 250 | _aFirst Scholastic printing, September 2004 | ||
| 260 |
_aNew York : _bScholastic ; _c2004 . |
||
| 300 |
_a196 pages : _billustrations ; _c20 cm . |
||
| 505 | _aZ | ||
| 520 | _aTells the stories of nine Jewish children who survived the Holocaust. | ||
| 521 | 8 |
_a970
_bLexile |
|
| 521 | 8 |
_aZ
_bRaz-Plus |
|
| 650 |
_asurvival _vNon-fiction |
||
| 650 |
_aWWII _vNon-fiction |
||
| 700 |
_aBovsun, Mara _eillustrator |
||
| 942 |
_2ddc _cBK _n0 |
||
| 999 |
_c5447 _d5447 |
||